New dimensions of social stratification in rural Sri Lanka (Record no. 17415)

MARC details
000 -LEADER
fixed length control field 00519nam a2200169Ia 4500
082 ## - DEWEY DECIMAL CLASSIFICATION NUMBER
Classification number 307.72095493 PER-;
100 ## - MAIN ENTRY--AUTHOR NAME
Personal name Perera, Jayantha
245 #0 - TITLE STATEMENT
Title New dimensions of social stratification in rural Sri Lanka
260 ## - PUBLICATION, DISTRIBUTION, ETC. (IMPRINT)
Place of publication Colombo
Name of publisher Lake House Investments
Year of publication 1983
300 ## - PHYSICAL DESCRIPTION
Number of Pages 211p.
650 ## - SUBJECT ADDED ENTRY--TOPICAL TERM
Topical Term Social stratification - Sri Lanka
650 ## - SUBJECT ADDED ENTRY--TOPICAL TERM
Topical Term Social status - Sri Lanka
650 ## - SUBJECT ADDED ENTRY--TOPICAL TERM
Topical Term Sri Lanka - Rural conditions
650 ## - SUBJECT ADDED ENTRY--TOPICAL TERM
Topical Term Social classes - Sri Lanka
650 ## - SUBJECT ADDED ENTRY--TOPICAL TERM
Topical Term Sri Lanka - Social conditions
942 ## - ADDED ENTRY ELEMENTS (KOHA)
Koha item type Books
Holdings
Withdrawn status Lost status Damaged status Not for loan Home library Current library Date acquired Bill Date Full call number Accession Number Price effective from Koha item type
        NASSDOC Library NASSDOC Library 08/06/2004 2004-10-22 307.72095493 PER-; 26378 18/04/2019 Books